Catálogo

The happiness industry : (Registro nro. 67239)

Detalles MARC
000 -LEADER
fixed length control field 00946nam a2200289 u 4500
001 - CONTROL NUMBER
control field 67239
005 - DATE AND TIME OF LATEST TRANSACTION
control field 20201216114336.0
008 - FIXED-LENGTH DATA ELEMENTS--GENERAL INFORMATION
fixed length control field 170502s2015 xxu r 000 0 eng d
020 ## - INTERNATIONAL STANDARD BOOK NUMBER
International Standard Book Number 9781781688458
040 ## - CATALOGING SOURCE
Description conventions rda
041 0# - LANGUAGE CODE
Language code of text/sound track or separate title eng
082 0# - DEWEY DECIMAL CLASSIFICATION NUMBER
Classification number 304
Item number DAV
100 1# - MAIN ENTRY--PERSONAL NAME
Personal name Davies, William,
Dates associated with a name 1976-
Relator term autor
245 14 - TITLE STATEMENT
Title The happiness industry :
Remainder of title how the government and big business sold us well-being /
Statement of responsibility, etc. William Davies.
250 ## - EDITION STATEMENT
Edition statement First edition
264 #1 - PRODUCTION, PUBLICATION, DISTRIBUTION, MANUFACTURE, AND COPYRIGHT NOTICE
Place of production, publication, distribution, manufacture United States of America :
Name of producer, publisher, distributor, manufacturer Verso,
Date of production, publication, distribution, manufacture, or copyright notice 2015
300 ## - PHYSICAL DESCRIPTION
Extent 314 páginas ;
Dimensions 22 cm.
336 ## - CONTENT TYPE
Content type term texto
Source rdacontent
Content type code txt
337 ## - MEDIA TYPE
Media type term sin medio
Source rdamedia
Media type code n
338 ## - CARRIER TYPE
Carrier type term volumen
Source rdacarrier
Carrier type code nc
650 #4 - SUBJECT ADDED ENTRY--TOPICAL TERM
Topical term or geographic name entry element Bienestar
General subdivision Aspectos sociales
650 #4 - SUBJECT ADDED ENTRY--TOPICAL TERM
Topical term or geographic name entry element Bienestar
General subdivision Aspectos sociales
Geographic subdivision Gran Bretaña
650 #4 - SUBJECT ADDED ENTRY--TOPICAL TERM
Topical term or geographic name entry element Bienestar
General subdivision Aspectos sociales
650 #4 - SUBJECT ADDED ENTRY--TOPICAL TERM
Topical term or geographic name entry element Neoliberalismo
General subdivision Aspectos sociales
650 #4 - SUBJECT ADDED ENTRY--TOPICAL TERM
Topical term or geographic name entry element Psicología social
942 ## - ADDED ENTRY ELEMENTS (KOHA)
Classification part 304
Item part DAV
Koha item type Libro
Existencias
Withdrawn status Lost status Source of classification or shelving scheme Damaged status Not for loan Collection code Home library Current library Shelving location Date acquired Source of acquisition Total Checkouts Full call number Barcode Checked out Date last seen Date last checked out Price effective from Koha item type
    Dewey Decimal Classification     Magisterial Biblioteca Karol Wojtyla Biblioteca Karol Wojtyla Módulo de circulación 02/05/2017 Compra 1 304 DAV 2015 97560 17/05/2017 17/05/2017 17/05/2017 14/06/2017 Magisterial